The secret life of zika virus / (Record no. 151763)

MARC details
000 -LEADER
fixed length control field 00608nam a22001937a 4500
005 - DATE AND TIME OF LATEST TRANSACTION
control field 20180426105941.0
010 ## - LCCN (DPL NO)
LC control number ENG-122671
020 ## - INTERNATIONAL STANDARD BOOK NUMBER
International Standard Book Number 9789386582423
Terms of availability 299.00
035 ## - SYSTEM CONTROL NUMBER
System control number EN-106203
037 ## - SOURCE OF ACQUISITION
Source of stock number/acquisition DBAD/PUB
082 ## - DEWEY DECIMAL CLASSIFICATION NUMBER
Classification number 614.5885
100 ## - MAIN ENTRY--PERSONAL NAME
Personal name Ratna, Kalpish
245 ## - TITLE STATEMENT
Title The secret life of zika virus /
Statement of responsibility, etc by Kalpish Ratna
260 ## - PUBLICATION, DISTRIBUTION, ETC. (IMPRINT)
Place of publication, distribution, etc New Delhi
Name of publisher, distributor, etc Speaking Tiger Publications
Date of publication, distribution, etc 2017
270 ## - ADDRESS
Address 4381/4, Ansari Road, Daryaganj,
City New Delhi
Postal code 110002
300 ## - PHYSICAL DESCRIPTION
Extent 271p.
Dimensions 21cm(pbk)
500 ## - GENERAL NOTE
General note It include references, bibliography and index
942 ## - ADDED ENTRY ELEMENTS (KOHA)
Source of classification or shelving scheme Dewey Decimal Classification
Item type English Books
Call number suffix RAT
Classification part 614.5885
Holdings
Withdrawn status Lost status Not for loan Collection code Home library Current library Date acquired Source of acquisition Cost, normal purchase price Full call number Barcode Copy number Cost, replacement price Koha item type
      Non-fiction Shahdara Branch Shahdara Branch 26/04/2018 DBAD/PUB 299.00 614.5885 RAT EN-106203 1 299.00 English Books

© Delhi Public Library
Hit Counter
free hit counter